[Event "Reykjavik Open 2016"]
[Site "Reykjavik ISL"]
[Date "2016.03.13"]
[Round "7.23"]
[White "Lehner, Oliver"]
[Black "Lind, Jan-Olov"]
[Result "1-0"]
[WhiteTitle "IM"]
[WhiteElo "2418"]
[BlackElo "2234"]
[WhiteFideId "1602560"]
[BlackFideId "1701193"]
[EventDate "2016.03.08"]

1. e4 c5 2. Nf3 g6 3. d4 cxd4 4. Nxd4 Bg7 5. Nc3 Nc6 6. Be3 Nf6 7. Bc4 O-O 8.
Bb3 a5 9. O-O a4 10. Nxa4 Nxe4 11. Nb5 Ra6 12. c4 b6 13. Qe2 Nf6 14. f3 d6 15.
Qf2 Nd7 16. Rad1 Na5 17. Nac3 Ne5 18. Bd4 Nac6 19. Be3 Na5 20. Qh4 Bf6 21. Bg5
Bxg5 22. Qxg5 Nexc4 23. Nd5 f6 24. Qh4 Nxb3 25. Qxc4 Na5 26. Nxe7+ Kg7 27. Qxc8
Qxc8 28. Nxc8 Rxc8 29. Nxd6 Rc2 30. Rf2 Rxf2 31. Kxf2 Nc6 32. a3 Ra4 33. Ne8+
Kf7 34. Nxf6 Rc4 35. Ne4 Ke7 36. Nc3 Ke6 37. Rd2 Nd4 38. Ne2 Nb3 39. Rd3 Nc5 40.
Re3+ Kd6 41. Nc3 Kc6 42. Ke2 b5 43. b4 Na4 44. Nxa4 bxa4 45. Kd2 Rd4+ 46. Rd3
Rh4 47. h3 Rf4 48. Rc3+ Kb6 49. Rc5 Rd4+ 50. Ke2 Rd7 51. Ra5 Rc7 52. Rxa4 Rc2+
53. Kf1 Kc6 54. Ra7 Kd5 55. Rxh7 Ra2 56. Rg7 Kd4 57. Rxg6 Ke3 58. Kg1 Ra1+ 59.
Kh2 Kf2 60. f4 Rxa3 61. f5 Ra4 62. Rg3 Rxb4 63. Rf3+ 1-0

[Event "Reykjavik Open 2016"]
[Site "Reykjavik ISL"]
[Date "2016.03.13"]
[Round "7.24"]
[White "Holm, Kristian Stuvik"]
[Black "Kazarian, Anna-Maja"]
[Result "1-0"]
[WhiteTitle "IM"]
[BlackTitle "FM"]
[WhiteElo "2414"]
[BlackElo "2248"]
[WhiteFideId "1508083"]
[BlackFideId "1033689"]
[EventDate "2016.03.08"]

1. Nf3 d5 2. g3 g6 3. Bg2 Bg7 4. d4 c6 5. c4 e6 6. O-O Nd7 7. Nc3 Ne7 8. Qc2 O-O
9. e4 dxe4 10. Nxe4 Nf6 11. Rd1 Nxe4 12. Qxe4 b6 13. Bf4 Bb7 14. Rac1 Rc8 15. h4
Ba8 16. c5 Nd5 17. Bd6 Re8 18. Ne5 f6 19. Nf3 Bf8 20. Bxf8 Kxf8 21. h5 Kf7 22.
Re1 Rc7 23. Nh4 f5 24. Qe2 bxc5 25. Rxc5 Nf4 26. hxg6+ hxg6 27. Qe3 Nxg2 28.
Kxg2 Rd7 29. Nf3 Rd5 30. Rh1 Re7 31. Qg5 Qg8 32. Ne5+ Rxe5 33. dxe5 Qg7 34. Qh6
Rd7 35. Qh8 Bb7 36. Rh7 1-0

[Event "Reykjavik Open 2016"]
[Site "Reykjavik ISL"]
[Date "2016.03.13"]
[Round "7.25"]
[White "Liang, Awonder"]
[Black "Bopp, Thomas"]
[Result "1-0"]
[WhiteTitle "IM"]
[WhiteElo "2405"]
[BlackElo "2166"]
[WhiteFideId "2056437"]
[BlackFideId "4656113"]
[EventDate "2016.03.08"]

1. e4 c5 2. Nf3 e6 3. g3 Nc6 4. Bg2 Nf6 5. Qe2 d6 6. O-O Be7 7. Rd1 Bf8 8. Rf1
Be7 9. Rd1 O-O 10. d4 cxd4 11. Nxd4 Nxd4 12. Rxd4 e5 13. Rd3 b5 14. Bg5 Be6 15.
Qd2 Rc8 16. Bxf6 Bxf6 17. Nc3 Qc7 18. Rc1 Qc5 19. Nd5 Bd8 20. a3 a5 21. Bf1 Qa7
22. Nc3 Qb7 23. Rxd6 Be7 24. Rd3 b4 25. axb4 Bxb4 26. Rd1 Bxc3 27. Rxc3 Qxb2 28.
Rxc8 Bxc8 29. Qxa5 Be6 30. c4 f5 31. Qa6 Bc8 32. Qb5 Qxb5 33. cxb5 fxe4 34. Bc4+
Kh8 35. b6 Bb7 36. Rd7 Rb8 37. Bd5 Bxd5 38. Rxd5 Kg8 39. Rb5 Rb7 40. Kf1 Kf7 41.
Ke2 Kf6 42. Ke3 Kf5 43. h3 h5 44. h4 g6 45. Rb2 Ke6 46. Kxe4 Kd6 47. Rb5 Kc6 48.
Rxe5 Kxb6 49. Re6+ Kc5 50. Rxg6 1-0

[Event "Reykjavik Open 2016"]
[Site "Reykjavik ISL"]
[Date "2016.03.13"]
[Round "7.26"]
[White "Lien, Kjell Hakon"]
[Black "Christiansen, Johan-Sebastian"]
[Result "0-1"]
[BlackTitle "IM"]
[WhiteElo "2083"]
[BlackElo "2401"]
[WhiteFideId "1510444"]
[BlackFideId "1512668"]
[EventDate "2016.03.08"]

1. d4 d5 2. Nf3 Nf6 3. c4 dxc4 4. e3 e6 5. Bxc4 a6 6. a4 b6 7. O-O Bb7 8. Qe2
Nbd7 9. Nc3 Bb4 10. Bd2 O-O 11. Ne4 Bxd2 12. Nexd2 Qe7 13. Rac1 e5 14. Nxe5 Nxe5
15. dxe5 Qxe5 16. Nf3 Qa5 17. b3 Qh5 18. Nd4 Qg5 19. Nf3 Qh5 20. Nd4 Qg6 21. f3
Qg5 22. Bd3 Rfe8 23. Rxc7 Rxe3 24. Qd2 Nd5 25. Rxb7 Nf4 26. Bc4 Re7 27. Qxf4
Qxf4 28. Rxe7 Qxd4+ 29. Kh1 b5 30. axb5 axb5 31. Rfe1 h5 32. Bxb5 Qc5 33. Re8+
Rxe8 34. Rxe8+ Kh7 35. Bc4 g5 36. h3 f5 37. Rd8 g4 38. hxg4 hxg4 39. Rd5 Qe3 40.
Rxf5 g3 0-1

[Event "Reykjavik Open 2016"]
[Site "Reykjavik ISL"]
[Date "2016.03.13"]
[Round "7.27"]
[White "Hauge, Lars Oskar"]
[Black "Lindsoe, Fredrik Aunan"]
[Result "0-1"]
[WhiteTitle "FM"]
[WhiteElo "2393"]
[BlackElo "2112"]
[WhiteFideId "1509276"]
[BlackFideId "1506560"]
[EventDate "2016.03.08"]

1. d4 d5 2. Bf4 Nf6 3. e3 c6 4. Bd3 g6 5. Nf3 Bg7 6. h3 O-O 7. O-O Nbd7 8. c4 a6
9. Nc3 dxc4 10. Bxc4 b5 11. Be2 c5 12. Ne5 Bb7 13. Bf3 Qb6 14. Nd5 Bxd5 15. Bxd5
Ra7 16. Bf3 Nxe5 17. Bxe5 Nd7 18. Bxg7 Kxg7 19. dxc5 Qxc5 20. Qc1 Qe5 21. Rd1
Rc7 22. Qd2 Rfc8 23. Qa5 Qxb2 24. Rab1 Qf6 25. Bg4 e6 26. Qxa6 Nc5 27. Qa5 Ne4
28. Rf1 Rc2 29. Rxb5 Rxf2 30. Rbb1 Rcc2 31. Bf3 Rxa2 32. Qc7 Qxf3 33. gxf3 Rg2+
34. Kh1 Ng3+ 0-1

[Event "Reykjavik Open 2016"]
[Site "Reykjavik ISL"]
[Date "2016.03.13"]
[Round "7.28"]
[White "Ruonala, Robert"]
[Black "Braun, Christian2"]
[Result "0-1"]
[BlackTitle "IM"]
[WhiteElo "2048"]
[BlackElo "2386"]
[WhiteFideId "1724703"]
[BlackFideId "4692098"]
[EventDate "2016.03.08"]

1. e4 e6 2. d4 d5 3. Nc3 Nf6 4. Bg5 Be7 5. e5 Nfd7 6. h4 Nc6 7. Nf3 f6 8. exf6
Nxf6 9. Bd3 O-O 10. Bxf6 Bxf6 11. Ng5 h6 12. Nh7 Rf7 13. Bg6 Bxd4 14. Bxf7+ Kxf7
15. Qh5+ Kg8 16. Ng5 hxg5 17. hxg5 Kf8 18. O-O-O Ke7 19. Qh4 Bxc3 20. bxc3 Qf8
21. Rh3 Bd7 22. g6+ Qf6 23. Qh7 Rf8 24. Rf3 Qg5+ 25. Kb1 Rxf3 26. Qxg7+ Kd6 27.
gxf3 Ne7 28. c4 Nxg6 29. cxd5 exd5 30. f4 Qf5 31. Qh6 Be6 32. Rg1 Nxf4 33. Rg5
Qe4 34. Qf8+ Kc6 35. Qf6 Ne2 36. Re5 Qb4+ 37. Ka1 Qe1+ 38. Kb2 Qc1+ 39. Kb3 Nd4+
40. Kb4 Qb2+ 0-1

[Event "Reykjavik Open 2016"]
[Site "Reykjavik ISL"]
[Date "2016.03.13"]
[Round "7.29"]
[White "Vuilleumier, Alexandre"]
[Black "O'Gorman, Tom"]
[Result "1-0"]
[WhiteTitle "IM"]
[WhiteElo "2366"]
[BlackElo "2067"]
[WhiteFideId "1305662"]
[BlackFideId "2508249"]
[EventDate "2016.03.08"]

1. Nf3 Nf6 2. g3 g6 3. Bg2 Bg7 4. O-O O-O 5. d4 d6 6. Nc3 Nbd7 7. a4 e5 8. dxe5
dxe5 9. a5 a6 10. Qd3 Qe7 11. Qc4 Re8 12. e4 Qc5 13. Nd2 Qxc4 14. Nxc4 Nf8 15.
Nd5 Be6 16. Ra4 Rac8 17. Rb4 c6 18. Ndb6 Rcd8 19. Nxe5 Bh3 20. Bxh3 Rxe5 21. Bc8
Rxa5 22. Bxb7 c5 23. Rb3 Ne6 24. Nc4 Ra4 25. Ne3 Nd4 26. Rb6 Nxe4 27. Bxe4 Ne2+
28. Kg2 Nxc1 29. Bd5 Ra1 30. Rd1 Rf8 31. Bc4 a5 32. Rb7 Rb1 33. b3 a4 34. Ra7
axb3 35. cxb3 Bd4 36. Nc2 Kg7 37. Ne1 h5 38. Nd3 Nxd3 39. Rxb1 Ne5 40. f4 Nxc4
41. bxc4 Kf6 42. Rb6+ Kg7 43. Rbb7 Kf6 44. Kf3 Kg7 45. h3 Kf6 46. g4 hxg4+ 47.
hxg4 Kg7 48. g5 Bg1 49. Kg4 Bd4 50. f5 gxf5+ 51. Kxf5 Kg8 52. Re7 Bc3 53. Rad7
Bb2 54. Rd5 Bd4 55. Red7 Ra8 56. Rd8+ Rxd8 57. Rxd8+ Kg7 58. Rxd4 cxd4 59. Ke4
f6 60. gxf6+ Kxf6 61. Kxd4 Ke6 62. Kc5 1-0

[Event "Reykjavik Open 2016"]
[Site "Reykjavik ISL"]
[Date "2016.03.13"]
[Round "7.30"]
[White "Korley, Kassa"]
[Black "Valdimarsson, Einar"]
[Result "1-0"]
[WhiteTitle "IM"]
[WhiteElo "2412"]
[BlackElo "2029"]
[WhiteFideId "2033801"]
[BlackFideId "2304813"]
[EventDate "2016.03.08"]

1. d4 d5 2. Nf3 Nf6 3. c4 dxc4 4. e3 Bg4 5. Bxc4 e6 6. Nc3 Nc6 7. h3 Bh5 8. a3
Bd6 9. Be2 Bxf3 10. Bxf3 Qd7 11. Qc2 O-O 12. Bd2 e5 13. d5 Ne7 14. Rd1 h6 15. g3
Nh7 16. h4 Kh8 17. g4 b5 18. e4 b4 19. axb4 Bxb4 20. g5 c5 21. gxh6 g6 22. h5 g5
23. Rg1 Rg8 24. Bg4 Qd8 25. Nb5 Qa5 26. Nd6 Rgf8 27. Nc4 Bxd2+ 28. Rxd2 Qa1+ 29.
Rd1 Qa2 30. Nxe5 Rab8 31. Nd7 Qa5+ 32. Qc3+ Qxc3+ 33. bxc3 1-0

[Event "Reykjavik Open 2016"]
[Site "Reykjavik ISL"]
[Date "2016.03.13"]
[Round "7.31"]
[White "Thorfinnsson, Bjorn"]
[Black "Kvamme, John A"]
[Result "1-0"]
[WhiteTitle "IM"]
[WhiteElo "2410"]
[BlackElo "2155"]
[WhiteFideId "2300982"]
[BlackFideId "1500562"]
[EventDate "2016.03.08"]

1. Nf3 g6 2. d4 Nf6 3. Bg5 Bg7 4. e3 c5 5. c3 b6 6. Nbd2 Bb7 7. Bd3 d6 8. Qc2
O-O 9. h4 cxd4 10. exd4 Nc6 11. h5 Rc8 12. hxg6 hxg6 13. Bc4 Na5 14. Be2 Qd7 15.
Rh4 b5 16. b4 Nc4 17. Bxc4 bxc4 18. O-O-O Bc6 19. Rdh1 Ba4 20. Bxf6 Bxf6 21. Qe4
d5 22. Rh8+ Bxh8 23. Qh4 Kg7 24. g4 Rg8 25. Ne5 Qe8 26. Ndf3 Kf8 27. Ng5 Qb5 28.
Qh7 Bg7 29. Nxg6+ Ke8 30. Qxg8+ Kd7 31. Qxg7 fxg6 32. Re1 Re8 33. Ne6 Kc8 34.
Nc5 Qb8 35. Re5 Bc6 36. Qxg6 1-0

[Event "Reykjavik Open 2016"]
[Site "Reykjavik ISL"]
[Date "2016.03.13"]
[Round "7.32"]
[White "Schou-Moldt, Thomas"]
[Black "Houska, Jovanka"]
[Result "1/2-1/2"]
[BlackTitle "IM"]
[WhiteElo "2186"]
[BlackElo "2387"]
[WhiteFideId "1401297"]
[BlackFideId "405094"]
[EventDate "2016.03.08"]

1. e4 c6 2. d4 d5 3. Nc3 dxe4 4. Nxe4 Bf5 5. Ng3 Bg6 6. h4 h6 7. Nf3 Nf6 8. Ne5
Bh7 9. Bd3 Bxd3 10. Qxd3 e6 11. Bd2 Be7 12. O-O-O Nbd7 13. Qe2 Qc7 14. Kb1 Rd8
15. f4 c5 16. Rde1 O-O 17. f5 cxd4 18. Nxf7 d3 19. cxd3 Rxf7 20. fxe6 Rff8 21.
exd7 Qxg3 22. Rh3 Qg6 23. h5 Qh7 24. Qxe7 Rxd7 25. Qa3 Qf5 26. Rf3 Qxh5 27. Qxa7
Qg6 28. Qa4 Rfd8 29. Re2 Rxd3 30. Qc2 Kh7 31. Rxd3 Rxd3 32. Bc1 Nd5 33. a3 b5
34. Rd2 Nf4 35. Rf2 Nd5 36. Rd2 Nf4 37. Rf2 Ne6 38. Rd2 Nc5 39. b4 Rxd2 40.
Qxg6+ Kxg6 41. Bxd2 Ne4 42. Be1 Kf5 43. Kb2 Kf4 44. a4 bxa4 45. Ka3 Ke3 46. b5
Nd6 47. Kxa4 Ke2 48. Bb4 Nxb5 49. Kxb5 Kf2 50. Bf8 Kxg2 51. Bxg7 h5 1/2-1/2

[Event "Reykjavik Open 2016"]
[Site "Reykjavik ISL"]
[Date "2016.03.13"]
[Round "7.33"]
[White "Lobersli, Henrik Oie"]
[Black "Kavutskiy, Konstantin"]
[Result "0-1"]
[BlackTitle "FM"]
[WhiteElo "2134"]
[BlackElo "2369"]
[WhiteFideId "1511947"]
[BlackFideId "2026384"]
[EventDate "2016.03.08"]

1. e4 c5 2. Nf3 e6 3. d4 cxd4 4. Nxd4 Nc6 5. Nc3 Qc7 6. Be3 a6 7. Qd2 Nf6 8.
O-O-O Be7 9. f3 b5 10. g4 Nxd4 11. Bxd4 Bb7 12. Bd3 O-O 13. Rhf1 b4 14. Ne2 e5
15. g5 Nxe4 16. fxe4 exd4 17. Nxd4 g6 18. h4 Qg3 19. Rg1 Qxh4 20. Nf3 Qh3 21.
Rdf1 Bc5 22. Rh1 Qg3 23. Kb1 Rae8 24. Qe2 Bxe4 25. Bxe4 d5 26. Qxa6 Re6 27. Qb5
dxe4 28. Qxc5 exf3 29. Qf2 Qxf2 30. Rxf2 Rfe8 31. b3 Re1+ 32. Rxe1 Rxe1+ 33. Kb2
Re3 34. a3 bxa3+ 35. Kxa3 h6 36. gxh6 g5 37. Kb4 g4 0-1

[Event "Reykjavik Open 2016"]
[Site "Reykjavik ISL"]
[Date "2016.03.13"]
[Round "7.34"]
[White "Vojinovic, Jovana"]
[Black "Christensen, Janus"]
[Result "1-0"]
[WhiteTitle "WGM"]
[WhiteElo "2366"]
[BlackElo "2136"]
[WhiteFideId "937266"]
[BlackFideId "1408402"]
[EventDate "2016.03.08"]

1. d4 Nf6 2. Nc3 e6 3. e4 d5 4. exd5 exd5 5. Bg5 Be7 6. Qd2 O-O 7. O-O-O Bf5 8.
f3 Nbd7 9. g4 Be6 10. h4 Re8 11. Nh3 c5 12. dxc5 Bxc5 13. Nb5 Qb6 14. Kb1 a6 15.
Nd4 Bxd4 16. Qxd4 Qxd4 17. Rxd4 h6 18. Bf4 Nb8 19. Bxb8 Raxb8 20. Bd3 Nd7 21. c3
Ne5 22. Be2 Rbd8 23. Rhd1 Nc6 24. R4d2 d4 25. cxd4 Nb4 26. a3 Ba2+ 27. Ka1 Bb3
28. Rc1 Rc8 29. Rc5 b6 30. Rc3 Nc2+ 31. Kb1 Nxa3+ 32. Kc1 Rxc3+ 33. bxc3 Nc4 34.
Bxc4 Bxc4 35. d5 Re1+ 36. Kc2 Kf8 37. Nf4 Ke7 38. Nh5 Re2 39. d6+ Kd7 40. Nxg7
Rxd2+ 41. Kxd2 Kxd6 42. Nf5+ Ke5 43. Nxh6 Kf4 44. Nf5 Kxf3 45. h5 f6 46. Ne7 1-0

[Event "Reykjavik Open 2016"]
[Site "Reykjavik ISL"]
[Date "2016.03.13"]
[Round "7.35"]
[White "Brunello, Marina"]
[Black "Bottema, Martin"]
[Result "1-0"]
[WhiteTitle "FM"]
[WhiteElo "2363"]
[BlackElo "2091"]
[WhiteFideId "822590"]
[BlackFideId "1011006"]
[EventDate "2016.03.08"]

1. e4 e5 2. Nf3 Nc6 3. Bc4 Nf6 4. d3 Be7 5. c3 O-O 6. Bb3 d6 7. Nbd2 Na5 8. Bc2
c5 9. O-O Nc6 10. a4 Re8 11. Nc4 h6 12. Re1 Bf8 13. Ne3 Be6 14. d4 cxd4 15. cxd4
Nxd4 16. Nxd4 exd4 17. Qxd4 g6 18. Bd2 Bg7 19. Bc3 Nh5 20. Qb4 Bxc3 21. Qxc3 Qb6
22. Rad1 Red8 23. b4 Rac8 24. Qb2 a5 25. b5 Qc5 26. Rd2 Qe5 27. Qd4 Qxd4 28.
Rxd4 Kf8 29. Red1 Ke7 30. f3 Nf6 31. Kf2 h5 32. R1d2 Ne8 33. f4 f6 34. f5 gxf5
35. exf5 Bf7 36. Be4 Rb8 37. Rc2 Rd7 38. Bf3 Rc7 39. Re4+ Kd7 40. Rd2 Rc5 41.
Red4 Kc7 42. h3 Rd8 43. Bd5 Bxd5 44. Nxd5+ Kb8 45. g4 hxg4 46. hxg4 Rdc8 47. Re2
Rc2 48. Re4 Rxe2+ 49. Rxe2 1-0

[Event "Reykjavik Open 2016"]
[Site "Reykjavik ISL"]
[Date "2016.03.13"]
[Round "7.36"]
[White "Bruun, Henrik Emil"]
[Black "Midoux, Sebastien"]
[Result "0-1"]
[WhiteElo "2123"]
[BlackElo "2342"]
[WhiteFideId "1410334"]
[BlackFideId "611140"]
[EventDate "2016.03.08"]

1. e4 e5 2. Nf3 f5 3. d4 fxe4 4. Nxe5 Nf6 5. Bg5 d6 6. Nc3 Be7 7. Bxf6 Bxf6 8.
Qh5+ g6 9. Nxg6 hxg6 10. Qxg6+ Kd7 11. Nd5 Be7 12. Qf5+ Ke8 13. Qxe4 c6 14. Qg6+
Kf8 15. Nf4 Qa5+ 16. c3 Qf5 17. g3 Rg8 18. Qh6+ Ke8 19. Bd3 Qg5 20. Qh7 Qg7 21.
Qh5+ Kd8 22. h3 Bg5 23. Ng6 Qh6 24. Qxh6 Bxh6 25. f4 Be6 26. f5 Bd5 27. Rh2 Bf7
28. Rf2 Na6 29. Kf1 Nc7 30. Re1 Nd5 31. Rf3 b5 32. h4 Nf6 33. Kg2 Bd5 34. Ne7
Bxf3+ 35. Kxf3 Re8 36. Nxc6+ Kd7 37. Rxe8 Rxe8 38. Bxb5 Re3+ 39. Kg2 Kc7 40. Nb4
Re1 41. Bd3 Rd1 42. Be2 Rd2 43. Kf3 Rxb2 44. g4 Nxg4 45. Bc4 Nf6 46. Nd5+ Nxd5
47. Bxd5 Rc2 48. Kg4 Rxc3 49. Kh5 Bg7 50. Kg6 Rg3+ 51. Kf7 Bxd4 52. f6 Rh3 53.
Ke7 Bxf6+ 54. Kxf6 Rxh4 55. Ke6 Rh5 0-1

[Event "Reykjavik Open 2016"]
[Site "Reykjavik ISL"]
[Date "2016.03.13"]
[Round "7.37"]
[White "Gislason, Gudmundur"]
[Black "Hardarson, Jon Trausti"]
[Result "0-1"]
[WhiteTitle "FM"]
[WhiteElo "2338"]
[BlackElo "2058"]
[WhiteFideId "2300559"]
[BlackFideId "2302594"]
[EventDate "2016.03.08"]

1. Nf3 d5 2. c4 c6 3. e3 Nf6 4. Nc3 a6 5. b3 Bg4 6. Be2 Nbd7 7. O-O e5 8. cxd5
cxd5 9. h3 Bxf3 10. Bxf3 Nb8 11. Bb2 Be7 12. d3 O-O 13. Rc1 Nc6 14. Na4 Rc8 15.
a3 b5 16. Nc5 Qb6 17. d4 e4 18. Be2 Na5 19. Bc3 Nb7 20. b4 Nd6 21. a4 Nc4 22.
Ra1 Ra8 23. Qc2 Qc6 24. Ra2 Rfd8 25. Rfa1 Nd6 26. Be1 Rdc8 27. Qb1 g6 28. axb5
axb5 29. Ra6 Rxa6 30. Rxa6 Qc7 31. Qa2 Rb8 32. Ra7 Qd8 33. Qa6 Kg7 34. Bc3 Nc8
35. Rb7 Nd6 36. Rxb8 Qxb8 37. Qc6 Qe8 38. Qc7 Qd8 39. Na6 Qa8 40. Nc5 Qd8 41.
Qa5 Qb8 42. Qa6 Bd8 43. Qc6 Qb6 44. Qa8 h5 45. g4 hxg4 46. hxg4 g5 47. Kg2 Bc7
48. Qa1 Qc6 49. Qa7 Nc8 50. Qa1 Qd6 51. Qg1 Qc6 52. Kf1 Nd6 53. Kg2 Nc4 54. Kf1
Nd7 55. f3 exf3 56. Bxf3 Ndb6 57. Be1 Qa8 58. Be2 Qa1 59. Bd3 Na4 60. Ke2 Bd6
61. Bxc4 bxc4 62. Bf2 0-1

[Event "Reykjavik Open 2016"]
[Site "Reykjavik ISL"]
[Date "2016.03.13"]
[Round "7.38"]
[White "Hoogland, Mike"]
[Black "Papp, Petra"]
[Result "0-1"]
[BlackTitle "WGM"]
[WhiteElo "2087"]
[BlackElo "2325"]
[WhiteFideId "1025350"]
[BlackFideId "739049"]
[EventDate "2016.03.08"]

1. d4 Nf6 2. c4 g6 3. Nc3 d5 4. cxd5 Nxd5 5. e4 Nxc3 6. bxc3 Bg7 7. Nf3 c5 8.
Rb1 O-O 9. Be2 Nc6 10. d5 Ne5 11. Nxe5 Bxe5 12. Qd2 e6 13. f4 Bg7 14. c4 Re8 15.
e5 f6 16. dxe6 Qxd2+ 17. Bxd2 fxe5 18. O-O exf4 19. Bxf4 Bxe6 20. Rxb7 Bd4+ 21.
Kh1 Bc8 22. Bf3 Bxb7 23. Bxb7 Rad8 24. Bd5+ Kh8 25. h4 Kg7 26. Rb1 Bf6 27. Rb7+
Kh8 28. Rb5 h6 29. Bg3 Bd4 30. a4 Rf8 31. a5 Rf1+ 32. Kh2 Ra1 33. Bd6 Rd7 34.
Bxc5 Be5+ 35. g3 a6 36. Rb3 Rxa5 37. Bb6 Ra2+ 38. Kh3 Rb2 39. Rxb2 Bxb2 40. Kg4
Be5 41. h5 gxh5+ 42. Kxh5 Rd6 43. Bc5 Rf6 44. g4 a5 45. g5 hxg5 46. Kxg5 Bb2 47.
Be7 Rf2 48. c5 a4 49. c6 Bf6+ 50. Bxf6+ Rxf6 51. Kxf6 0-1

[Event "Reykjavik Open 2016"]
[Site "Reykjavik ISL"]
[Date "2016.03.13"]
[Round "7.39"]
[White "Finsterwalder, Sebastian"]
[Black "Abrahamyan, Tatev"]
[Result "0-1"]
[BlackTitle "WGM"]
[WhiteElo "2095"]
[BlackElo "2324"]
[WhiteFideId "24632090"]
[BlackFideId "13301918"]
[EventDate "2016.03.08"]

1. d4 Nf6 2. c4 e6 3. Nc3 Bb4 4. Qc2 O-O 5. Nf3 c5 6. dxc5 Na6 7. g3 Nxc5 8. Bg2
b6 9. O-O Bb7 10. Nb5 Be4 11. Qd1 a6 12. Nd6 Bc6 13. Bf4 Nce4 14. a3 Bc5 15. b4
Bxd6 16. Bxd6 Nxd6 17. Qxd6 Ne8 18. Qd4 Qc7 19. Ne5 Bxg2 20. Kxg2 d6 21. Nd3 Nf6
22. Rfc1 Rfd8 23. Qe3 Rac8 24. Rab1 Qc6+ 25. f3 Nd7 26. Kf2 Rc7 27. Rb3 Rdc8 28.
Rbc3 Qb7 29. Qd4 Rc6 30. a4 e5 31. Qe4 Nf6 32. Qh4 b5 33. axb5 axb5 34. c5 Qa7
35. Kg2 h6 36. Rb3 Qd7 37. Ra1 Qe6 38. Rba3 Nd7 39. cxd6 Rc2 40. Kf1 R8c4 41.
Qd8+ Kh7 42. Nf2 Qxd6 43. Rd3 Rd4 44. Ra7 Rd2 45. Ne4 Rd1+ 46. Kg2 Qe6 47. Rxd1
Rxd1 48. Nc5 Qc4 49. Rxd7 Qxe2+ 50. Kh3 Rh1 51. Kg4 Qxh2 52. Kf5 Qxg3 53. Ke4
Re1+ 54. Kd5 Qxf3+ 55. Kd6 e4 56. Kc7 e3 57. Qe7 Rc1 58. Kb6 e2 59. Rd6 e1=Q 0-1

[Event "Reykjavik Open 2016"]
[Site "Reykjavik ISL"]
[Date "2016.03.13"]
[Round "7.40"]
[White "Segerberg, Tomas"]
[Black "Sigfusson, Sigurdur"]
[Result "1-0"]
[BlackTitle "FM"]
[WhiteElo "2070"]
[BlackElo "2299"]
[WhiteFideId "1712969"]
[BlackFideId "2300168"]
[EventDate "2016.03.08"]

1. d4 d5 2. c4 c6 3. Nf3 Nf6 4. Nc3 e6 5. e3 Nbd7 6. Bd3 Bd6 7. O-O dxc4 8. Bxc4
b5 9. Bd3 a6 10. Qe2 Bb7 11. Rd1 Qe7 12. e4 e5 13. Bg5 h6 14. Bh4 O-O 15. Rac1
c5 16. dxc5 Nxc5 17. Bb1 Qe6 18. b4 Ncd7 19. a3 Nb6 20. Ba2 Qe7 21. Qe3 Nc4 22.
Bxc4 bxc4 23. Qb6 Bb8 24. Bxf6 gxf6 25. Qe3 f5 26. Qxh6 fxe4 27. Ng5 f5 28. Qg6+
Kh8 29. Rd8 Ba7 30. Nf7+ Qxf7 31. Qxf7 Rfxd8 32. Qxb7 Bd4 33. Kf1 1-0

[Event "Reykjavik Open 2016"]
[Site "Reykjavik ISL"]
[Date "2016.03.13"]
[Round "7.41"]
[White "Pogan, Nikolas"]
[Black "Thorsteinsdottir, Gudlaug"]
[Result "1-0"]
[WhiteTitle "FM"]
[BlackTitle "WFM"]
[WhiteElo "2285"]
[BlackElo "2047"]
[WhiteFideId "24673579"]
[BlackFideId "2300753"]
[EventDate "2016.03.08"]

1. c4 c6 2. Nf3 d5 3. g3 Nf6 4. Bg2 Bg4 5. Qb3 Qb6 6. d3 Nbd7 7. Nc3 e6 8. O-O
dxc4 9. dxc4 Qxb3 10. axb3 Nc5 11. Nd4 a6 12. b4 Ncd7 13. b5 e5 14. bxc6 exd4
15. Nb5 Rb8 16. cxd7+ Nxd7 17. Nxd4 Bd6 18. h3 Bh5 19. Nf5 Be5 20. f4 Bf6 21. g4
Bg6 22. Nd6+ Ke7 23. Nxb7 Bc2 24. Bd2 Nb6 25. Bb4+ Kd7 26. Nc5+ Kd8 27. Nxa6 Rc8
28. c5 Nc4 29. c6 Bxb2 30. Rad1+ Ke8 31. c7 Ba4 32. Bb7 Ne3 33. Bxc8 Nxd1 34.
Rxd1 Bxd1 35. Bf5 1-0

[Event "Reykjavik Open 2016"]
[Site "Reykjavik ISL"]
[Date "2016.03.13"]
[Round "7.42"]
[White "Mages, Steffen"]
[Black "Haugli, Petter"]
[Result "0-1"]
[BlackTitle "IM"]
[WhiteElo "2037"]
[BlackElo "2244"]
[WhiteFideId "24662208"]
[BlackFideId "1500104"]
[EventDate "2016.03.08"]

1. d4 Nf6 2. c4 g6 3. Nf3 Bg7 4. Nc3 O-O 5. Bg5 h6 6. Bh4 d6 7. e3 g5 8. Bg3 Nh5
9. Bd3 e6 10. Nd2 Nxg3 11. hxg3 f5 12. Qb3 c5 13. O-O-O cxd4 14. exd4 Nc6 15. d5
Nd4 16. Qa3 e5 17. Nf3 Nxf3 18. gxf3 Qb6 19. Rd2 Bd7 20. Kb1 a6 21. Rg1 Rae8 22.
g4 e4 23. fxe4 fxg4 24. Nd1 Rf3 25. Rg3 Ref8 26. Rxf3 Rxf3 27. Qb3 Qxb3 28. axb3
h5 29. b4 h4 30. c5 h3 31. Bf1 Be5 32. Kc2 Ba4+ 33. Kc1 Bf4 34. c6 bxc6 35. dxc6
Bxc6 36. Ne3 Bxe3 37. Bc4+ d5 38. exd5 Bxd2+ 39. Kxd2 Bb5 0-1

[Event "Reykjavik Open 2016"]
[Site "Reykjavik ISL"]
[Date "2016.03.13"]
[Round "7.43"]
[White "Wahlbom, Magnus"]
[Black "Haraldsson, Haraldur"]
[Result "1-0"]
[WhiteElo "2229"]
[BlackElo "1988"]
[WhiteFideId "1700685"]
[BlackFideId "2311100"]
[EventDate "2016.03.08"]

1. e4 c5 2. Nf3 e6 3. d4 cxd4 4. Nxd4 a6 5. Nc3 Nc6 6. Be2 Qc7 7. Be3 Nf6 8. O-O
Bb4 9. Nxc6 bxc6 10. Bd3 d5 11. exd5 cxd5 12. f4 O-O 13. Kh1 Bc5 14. Bxc5 Qxc5
15. Qe1 Re8 16. Qh4 Bb7 17. Rae1 Ne4 18. Nxe4 dxe4 19. Rxe4 Bxe4 20. Bxe4 Qc4
21. Qxh7+ Kf8 22. Qh8+ Ke7 23. Qh4+ f6 24. Re1 Ra7 25. Bg6 Rc8 26. Qg4 Kf8 27.
b3 Qd5 28. Rxe6 Rd8 29. Bd3 Qxe6 30. Qxe6 Re7 31. Qxa6 Re1+ 32. Bf1 Rdd1 33. h3
Rxf1+ 34. Kh2 Kg8 35. Qc4+ Kh7 36. Qe4+ Kh8 37. a4 Rd2 38. a5 Rff2 39. a6 f5 40.
Qb7 1-0

[Event "Reykjavik Open 2016"]
[Site "Reykjavik ISL"]
[Date "2016.03.13"]
[Round "7.44"]
[White "Johannsson, Orn Leo"]
[Black "Hansen, Lars-Henrik Bech"]
[Result "1-0"]
[WhiteElo "2194"]
[BlackElo "1970"]
[WhiteFideId "2303051"]
[BlackFideId "1402021"]
[EventDate "2016.03.08"]

1. d4 g6 2. Nf3 Nf6 3. e3 Bg7 4. Be2 c5 5. O-O b6 6. b3 O-O 7. Bb2 Bb7 8. c4
cxd4 9. Nxd4 Nc6 10. Nd2 Nxd4 11. Bxd4 d6 12. Bf3 Bxf3 13. Nxf3 Rc8 14. Qe2 Nd7
15. Rfe1 Nc5 16. Rad1 Ne4 17. Qd3 Nc5 18. Qb1 Qd7 19. e4 Qb7 20. e5 dxe5 21.
Nxe5 Ne6 22. Bb2 Rfd8 23. Nd3 Bxb2 24. Qxb2 Rd6 25. f3 Rcd8 26. Nf2 Qc6 27. Rxd6
Rxd6 28. Ne4 Rd7 29. Qf2 Nf4 30. Qe3 Qc7 31. g3 Rd3 32. Qxf4 1-0